000
00211nam a22001097a 4500
040
_c
SP
082
_a
363
100
_a
FAO
245
_a
Risk management and food safety
260
_a
Rome
_b
FAO
_c
1997
942
_c
EK
999
_c
8563
_d
8563